Relativistic Quantum Chemistry: The Fundamental Theory of Molecular Science
Enregistré dans:
| Auteur principal: | |
|---|---|
| Autres auteurs: | |
| Format: | Livre |
| Langue: | anglais |
| Publié: |
Weinheim
Wiley-VCH
2009
|
| Sujets: | |
| Accès en ligne: | Voir à l'OPAC |
| Tags: |
Pas de tags, Soyez le premier à ajouter un tag!
|
MARC
| LEADER | 00000nam a2200000 a 4500 | ||
|---|---|---|---|
| 005 | 20260127134106.0 | ||
| 008 | 090730 2009 gw 000 0 eng d | ||
| 020 | |a 9783527312924 | ||
| 035 | |a vtls009934697 | ||
| 039 | 9 | |y 200907301056 |z mschk03 | |
| 040 | |a STUSCHK1 |b slo |c STUSCHK1 |e AACR2 | ||
| 080 | |a 541.28 | ||
| 100 | 1 | |a Reiher, Markus | |
| 245 | 1 | |a Relativistic Quantum Chemistry: |b The Fundamental Theory of Molecular Science |c Markus Reiher, Alexander Wolf | |
| 260 | |a Weinheim |b Wiley-VCH |c 2009 | ||
| 300 | |a xix, 669 p. |b il. |c 25 cm | ||
| 650 | 0 | |a Quantenchemie | |
| 700 | 1 | |a Wolf, Alexander | |
| 910 | |a SCHK95 | ||
| 919 | |a 978-3-527-31292-4 | ||
| 999 | |c 3905 |d 3905 | ||